<?xml version="1.0" encoding="UTF-8"?>
<marc:record xmlns:marc="http://www.loc.gov/MARC21/slim">
   <marc:leader>00000nam a2200000 a 4500</marc:leader>
   <marc:datafield ind1="1" ind2=" " tag="100">
      <marc:subfield code="a">Staden, Siranus Sven von</marc:subfield>
      <marc:subfield code="4">aut</marc:subfield>
      <marc:subfield code="e">Verfasser/-in</marc:subfield>
   </marc:datafield>
   <marc:datafield ind1=" " ind2=" " tag="653">
      <marc:subfield code="a">Energiemedizin</marc:subfield>
   </marc:datafield>
   <marc:datafield ind1=" " ind2=" " tag="653">
      <marc:subfield code="a">Ratgeber</marc:subfield>
   </marc:datafield>
   <marc:datafield ind1="0" ind2="0" tag="245">
      <marc:subfield code="a">Quantenheilung kann jeder - auch Sie!</marc:subfield>
   </marc:datafield>
   <marc:datafield ind1="0" ind2="0" tag="245">
      <marc:subfield code="b">die Methode kurz, prägnant und praktisch auf den Punkt gebracht</marc:subfield>
   </marc:datafield>
   <marc:datafield ind1="0" ind2="0" tag="245">
      <marc:subfield code="c">Siranus Sven von Staden</marc:subfield>
   </marc:datafield>
   <marc:datafield ind1=" " ind2="1" tag="264">
      <marc:subfield code="a">Darmstadt</marc:subfield>
      <marc:subfield code="b">Schirner</marc:subfield>
      <marc:subfield code="c">2011</marc:subfield>
   </marc:datafield>
   <marc:datafield ind1=" " ind2=" " tag="250">
      <marc:subfield code="a">1. Aufl.</marc:subfield>
   </marc:datafield>
   <marc:datafield ind1="1" ind2=" " tag="520">
      <marc:subfield code="a">Angaben aus der Verlagsmeldung

Quantenheilung kann jeder - auch Sie! : Die Methode kurz, prägnant und praktisch auf den Punkt gebracht / von Siranus Sven von Staden

Mit Quantenheilung lassen sich alle Bereiche des täglichen Lebens positiv verändern. In dieser Methode vereinen sich uralte spirituelle Weisheiten mit neuesten wissenschaftlichen Erkenntnissen. Mit ihrer Hilfe kann ganzheitliche Heilung stattfinden, und positive Änderungen dürfen dauerhaft anhalten. Siranus Sven von Staden zeigt dem Leser in kompakter Form auf, wie sich Quantenheilung beispielsweise für die Bewältigung gesundheitlicher Probleme, für die Lösung von Beziehungskonflikten oder auch für die Entfaltung seines Potenzials und seiner Kreativität wirkungsvoll und nachhaltig einsetzen lässt.
</marc:subfield>
   </marc:datafield>
   <marc:datafield ind1=" " ind2=" " tag="020">
      <marc:subfield code="a">9783843450379</marc:subfield>
      <marc:subfield code="9">9783843450379</marc:subfield>
   </marc:datafield>
   <marc:datafield ind1=" " ind2=" " tag="020">
      <marc:subfield code="a">3843450374</marc:subfield>
      <marc:subfield code="9">3843450374</marc:subfield>
   </marc:datafield>
   <marc:datafield ind1=" " ind2=" " tag="041">
      <marc:subfield code="a">ger</marc:subfield>
   </marc:datafield>
   <marc:datafield ind1=" " ind2=" " tag="300">
      <marc:subfield code="a">102 S.</marc:subfield>
   </marc:datafield>
</marc:record>
